000 00967naa a22002897a 4500
001 BR7902857
003 BR-BrBNA
005 20240918174357.0
007 ta
008 230509b bl.||||| |||| 00| 0 por d
040 _aBR-BrBNA
_bpor
_cBiblioteca Nacional de Agricultura
041 _a(Pt)
072 _aL70; A50
_b/G514
090 _aL70 BR7902857
100 1 _aBECK, A.A.H.
111 1 _a1. Semana Brasileira do Caprino
_cSobral, CE (Brazil)
_d6 Nov 1977
245 1 _aPrograma Nacional de Pesquisa em Saude Animal [Brasil]
260 3 _aSobral, CE (Brasil):
_c1978.
500 _a1. Semana Brasileira do Caprino Sobral, CE (Brasil): 1978. p. 177-130 (BR7902857-AM)L70
650 _aVeterinaria
650 _aPesquisa
650 _aDefesa animal
650 _aPrograma de pesquisa
773 0 _t1. Semana Brasileira do Caprino
_wL70 BR7902857
_gSobral, CE (Brasil), 1978. p. 177-130
909 _a202404
_bLucia
_c55
_dLucia Elande
942 _cAM
_2AGRIS
999 _c310844
_d310844